00292nam a2200109Ia 4500020001800000082002000018100002100038245003400059260003800093300001400131650003700145 a0-905118-80-4 aRR 320.03 ROB-; aRobertson, David 0aDictionary of modern politics aLondonbEuropa Publicationsc1985 aix, 341p. aPolitical science - Dictionaries